[Event "Marcio Eliseo de Freitas Cup"]
[Site "Rio de Janeiro"]
[Date "2015.12.17"]
[Round "6"]
[White "Cunha, Eduardo Arruda da G"]
[Black "Malafaia, Raphael de Souza"]
[Result "1/2-1/2"]
[WhiteElo "2402"]
[BlackElo "2265"]
[PlyCount "94"]
[EventDate "2015.12.15"]
[EventType "swiss"]
[EventRounds "7"]
[EventCountry "BRA"]
[SourceTitle "EXT 2018"]
[Source "ChessBase"]
[SourceDate "2017.10.13"]
[SourceVersion "1"]
[SourceVersionDate "2017.10.13"]
[SourceQuality "1"]

1. d4 Nf6 2. c4 e5 3. d5 Bc5 4. Nf3 d6 5. Bg5 Ne4 6. Be3 Bxe3 7. fxe3 0-0 8. g3 f5 9. Bg2 Nd7 10. Nbd2 Ndf6 11. Nxe4 Nxe4 12. Nd2 Nxd2 13. Qxd2 Qg5 14. 0-0 Bd7 15. b3 h5 16. Rf3 h4 17. Raf1 hxg3 18. Rxg3 Qh6 19. Rh3 Qf6 20. Rg3 Rae8 21. Qa5 c6 22. dxc6 Bxc6 23. Bxc6 bxc6 24. Qxa7 Re7 25. Qb6 c5 26. a4 f4 27. exf4 exf4 28. Rg2 Re3 29. Qb7 Qe5 30. Qd5+ Qxd5 31. cxd5 Rxb3 32. Rg6 Rb2 33. Rxd6 Rxe2 34. Rc6 Rf5 35. Rxc5 f3 36. Rc8+ Kh7 37. Rf2 Re1+ 38. Rf1 Re2 39. Rc4 Rg5+ 40. Kh1 Rh5 41. Rxf3 Rhxh2+ 42. Kg1 Rhg2+ 43. Kf1 Ra2 44. Rh4+ Kg8 45. Rhf4 Rh2 46. Rf2 Rhxf2+ 47. Rxf2 Rxa4 1/2-1/2

[Event "Marcio Eliseo de Freitas Cup"]
[Site "Rio de Janeiro"]
[Date "2015.12.16"]
[Round "4"]
[White "Bede, Arnaldo Gomes"]
[Black "Malafaia, Raphael de Souza"]
[Result "1/2-1/2"]
[WhiteElo "2306"]
[BlackElo "2265"]
[PlyCount "42"]
[EventDate "2015.12.15"]
[EventType "swiss"]
[EventRounds "7"]
[EventCountry "BRA"]
[SourceTitle "EXT 2018"]
[Source "ChessBase"]
[SourceDate "2017.10.13"]
[SourceVersion "1"]
[SourceVersionDate "2017.10.13"]
[SourceQuality "1"]

1. d4 d5 2. c3 c6 3. Nd2 Nf6 4. Ngf3 g6 5. g3 Bg7 6. Bg2 0-0 7. 0-0 Nbd7 8. Re1 e6 9. e4 dxe4 10. Nxe4 Nxe4 11. Rxe4 Nf6 12. Re1 Nd5 13. c4 Ne7 14. Bf4 Nf5 15. Be5 f6 16. Bf4 g5 17. g4 gxf4 18. gxf5 e5 19. dxe5 Qxd1 20. Raxd1 fxe5 21. Nxe5 Bxf5 1/2-1/2

[Event "Rio de Janeiro Trompowsky Memorial"]
[Site "Rio de Janeiro"]
[Date "2015.12.10"]
[Round "5"]
[White "Malafaia, Raphael de Souza"]
[Black "Braga, Ubirani de Souza"]
[Result "1-0"]
[WhiteElo "2265"]
[BlackElo "2117"]
[PlyCount "87"]
[EventDate "2015.12.08"]
[EventType "tourn"]
[EventRounds "9"]
[EventCountry "BRA"]
[SourceTitle "EXT 2018"]
[Source "ChessBase"]
[SourceDate "2017.10.13"]
[SourceVersion "1"]
[SourceVersionDate "2017.10.13"]
[SourceQuality "1"]

1. e4 e5 2. Nf3 Nc6 3. Bb5 a6 4. Ba4 Be7 5. 0-0 Nf6 6. Re1 b5 7. Bb3 0-0 8. c3 d5 9. exd5 Nxd5 10. Nxe5 Nxe5 11. Rxe5 c6 12. d4 Bd6 13. Re1 Qh4 14. g3 Qh3 15. Bxd5 cxd5 16. Qf3 Bg4 17. Qg2 Qh5 18. h4 Bf3 19. Qh3 a5 20. Nd2 Bg4 21. Qg2 Rae8 22. Rxe8 Rxe8 23. f3 Bd7 24. Nf1 Re1 25. Qf2 Re6 26. Bd2 b4 27. Re1 Rg6 28. g4 bxc3 29. Kh1 Bxg4 30. fxg4 Rxg4 31. Re8+ Bf8 32. bxc3 Rxh4+ 33. Kg2 f5 34. Qe3 Re4 35. Rxe4 dxe4 36. c4 Qg4+ 37. Kh1 Qh4+ 38. Kg1 Qg4+ 39. Qg3 Qe2 40. c5 g6 41. c6 Qc4 42. c7 Qxd4+ 43. Kg2 Qc5 44. Qc3 1-0

[Event "Rio de Janeiro Trompowsky Memorial"]
[Site "Rio de Janeiro"]
[Date "2015.12.10"]
[Round "4"]
[White "Violla Cunha, Mario"]
[Black "Malafaia, Raphael de Souza"]
[Result "0-1"]
[WhiteElo "2334"]
[BlackElo "2265"]
[PlyCount "74"]
[EventDate "2015.12.08"]
[EventType "tourn"]
[EventRounds "9"]
[EventCountry "BRA"]
[SourceTitle "EXT 2018"]
[Source "ChessBase"]
[SourceDate "2017.10.13"]
[SourceVersion "1"]
[SourceVersionDate "2017.10.13"]
[SourceQuality "1"]

1. e4 e5 2. Nf3 Nf6 3. Nxe5 d6 4. Nf3 Nxe4 5. d4 d5 6. Bd3 Bd6 7. 0-0 0-0 8. c4 c6 9. Nc3 Nxc3 10. bxc3 dxc4 11. Bxc4 Bf5 12. Re1 Qc7 13. Ne5 Bxe5 14. Rxe5 Bg6 15. Qe2 Nd7 16. Re7 b5 17. Bb3 Qc8 18. a4 a5 19. h4 Nf6 20. Bd2 bxa4 21. Bxa4 Nd5 22. Re5 h5 23. Rg5 Nb6 24. Bb3 a4 25. Bxf7+ Bxf7 26. Qe5 g6 27. Rxh5 gxh5 28. Qg5+ Kh7 29. Qh6+ Kg8 30. Re1 Qf5 31. Re5 Qb1+ 32. Kh2 Bg6 33. Rg5 Rf6 34. f4 Nd7 35. f5 Nf8 36. Bf4 Ra7 37. Be5 Rh7 0-1

[Event "Rio de Janeiro Larsen Memorial"]
[Site "Rio de Janeiro"]
[Date "2015.10.14"]
[Round "3"]
[White "Borensztajn, David"]
[Black "Malafaia, Raphael de Souza"]
[Result "1/2-1/2"]
[WhiteElo "2165"]
[BlackElo "2251"]
[PlyCount "51"]
[EventDate "2015.10.13"]
[EventType "swiss"]
[EventRounds "7"]
[EventCountry "BRA"]
[SourceTitle "EXT 2018"]
[Source "ChessBase"]
[SourceDate "2017.10.13"]
[SourceVersion "1"]
[SourceVersionDate "2017.10.13"]
[SourceQuality "1"]

1. c4 g6 2. Nf3 Bg7 3. Nc3 d6 4. g3 Nc6 5. Bg2 e5 6. e4 Nge7 7. d3 0-0 8. 0-0 f5 9. a3 a5 10. Rb1 fxe4 11. dxe4 Bg4 12. h3 Bxf3 13. Bxf3 Nd4 14. Bg2 c5 15. Bg5 h6 16. Be3 Qd7 17. b4 axb4 18. axb4 b6 19. Qd2 h5 20. bxc5 bxc5 21. Rb6 Nc8 22. Rb2 Ne7 23. Rb6 Nc8 24. Rb2 Ne7 25. Rb6 Nc8 26. Rb2 1/2-1/2

[Event "Rio de Janeiro Euwe Memorial 2nd"]
[Site "Rio de Janeiro"]
[Date "2015.08.18"]
[Round "7"]
[White "Braga, Ubirani de Souza"]
[Black "Malafaia, Raphael de Souza"]
[Result "0-1"]
[WhiteElo "2151"]
[BlackElo "2265"]
[PlyCount "84"]
[EventDate "2015.08.15"]
[EventType "swiss"]
[EventRounds "7"]
[EventCountry "BRA"]
[SourceTitle "EXT 2016"]
[Source "ChessBase"]
[SourceDate "2015.10.08"]
[SourceVersion "1"]
[SourceVersionDate "2015.10.08"]
[SourceQuality "1"]

1. c4 d5 2. cxd5 Nf6 3. Nc3 Nxd5 4. Nxd5 Qxd5 5. e3 Nc6 6. Ne2 e5 7. Nc3 Qd6 8. Bb5 a6 9. Ba4 Bf5 10. a3 Rd8 11. 0-0 Be7 12. d4 b5 13. Bb3 exd4 14. exd4 Nxd4 15. Be3 Nxb3 16. Qxb3 0-0 17. Rad1 Qg6 18. Nd5 Bd6 19. Rd2 Be4 20. f3 Bxd5 21. Rxd5 Rfe8 22. Rfd1 h6 23. Bf2 Re2 24. h3 Qe6 25. Bg3 c6 26. R5d3 Qxb3 27. Rxb3 Bc5+ 28. Kf1 Rxd1+ 29. Kxe2 Rg1 30. Be5 Rxg2+ 31. Kf1 Rg1+ 32. Ke2 f6 33. Rc3 Rg2+ 34. Kf1 Rxb2 35. Bxf6 Bxa3 36. Rxa3 gxf6 37. Rxa6 Rc2 38. Ke1 Kf7 39. Kd1 Rc3 40. Kd2 b4 41. Rb6 c5 42. Rc6 Kg6 0-1

[Event "Rio de Janeiro Euwe Memorial 2nd"]
[Site "Rio de Janeiro"]
[Date "2015.08.15"]
[Round "1"]
[White "Juer, Jayme Jacob E"]
[Black "Malafaia, Raphael de Souza"]
[Result "0-1"]
[WhiteElo "2066"]
[BlackElo "2265"]
[PlyCount "42"]
[EventDate "2015.08.15"]
[EventType "swiss"]
[EventRounds "7"]
[EventCountry "BRA"]
[SourceTitle "EXT 2016"]
[Source "ChessBase"]
[SourceDate "2015.10.08"]
[SourceVersion "1"]
[SourceVersionDate "2015.10.08"]
[SourceQuality "1"]

1. d4 e6 2. c4 Nf6 3. Nf3 b6 4. Bg5 Be7 5. Nc3 Bb7 6. e4 Nxe4 7. Bxe7 Qxe7 8. Nxe4 Bxe4 9. Bd3 Bxf3 10. Qxf3 Qb4+ 11. Kf1 Qxb2 12. Qxa8 Qxa1+ 13. Ke2 Qxa2+ 14. Ke3 0-0 15. Qb7 Na6 16. c5 Nb4 17. Rd1 Nd5+ 18. Kf3 Qa4 19. Rd2 f5 20. Bf1 Qa3+ 21. Rd3 Qc1 0-1